000 00922nam a2200277 i 4500
003 DO-SdBNP
005 20260522110241.0
007 ta
008 211111b2021 dr a|||| |||| 00| 0 eng d
020 _a9789945627374
040 _aDO-SdBNP
_bspa
_cBNPHU
_erda
041 _aspa
082 4 _axxx
_bC956e
_222
100 _aCuello, César,
_eautor
_4aut.
_911768
245 1 _aEstelas del tiempo :
_bnovela /
_cCésar Cuello ; prólogo, Lucero Arboleda de Roa
264 1 _aSanto Domingo :
_bEditorial Santuario,
_c2021.
300 _a239 páginas :
_bilustraciones ;
_c23 cm.
336 _atexto
_btxt
_2rdacontent
337 _asin mediación
_bn
_2rdamedia
338 _avolumen
_bnc
_2rdacarrier
500 _aIncluye datos biográficos del autor en la solapa de la cubierta
590 _aInventariado, 2021/BT
700 1 _aArboleda Roa, Lucero de,
_eprologuista
_4pr.
_912662
910 _aBtavárez
942 _2ddc
_cLBS1
999 _c50929
_d50929